Quentin Tarantino Movies - Statistics

General Stats
  • This quiz has been taken 24 times
  • The average score is 9 of 13
Answer Stats
Year Title % Correct
2012 Django Unchained
91%
2009 Inglourious Basterds
91%
1994 Pulp Fiction
91%
1997 Jackie Brown
86%
2003 Kill Bill
86%
1992 Reservoir Dogs
86%
2019 Once Upon a Time in Hollywood
77%
2015 The Hateful Eight
77%
2004 Kill Bill 2
68%
2007 Death Proof
64%
1995 Four Rooms
32%
2005 Sin City
27%
1987 My Best Friend's Birthday
23%
No matching quizzes found
Score Distribution
Percent of People with Each Score
Percentile by Number Answered
Your Score History
You have not taken this quiz